LEADER 02851oam 2200709 450 001 9910708340903321 005 20180227153757.0 035 $a(CKB)4330000001271944 035 $a(OCoLC)896811585 035 $a(EXLCZ)994330000001271944 100 $a20141123d2002 ua 0 101 0 $aeng 135 $aurn|||||||||| 181 $ctxt$2rdacontent 182 $cc$2rdamedia 183 $acr$2rdacarrier 200 10$aCrustal deformation at the leading edge of the Oregon Coast Range block, offshore Washington (Columbia River to Hoh River) /$fby Patricia A. McCrory [and three others] 210 1$aWashington :$cGovernment Printing Office,$d2002. 215 $a1 online resource (47 pages) $cillustrations, (some color), maps (some color) 225 1 $aEarthquake hazards of the Pacific Northwest coastal and marine regions 225 1 $aU.S. Geological Survey professional paper ;$v1661-A 300 $aAt head of title: Earthquake Hazards of the Pacific Northwest Coastal and Marine Regions. 300 $a"Crustal-block motions complicate the slip rates of seismotectonic elements of the Cascadia subduction boundary." 320 $aIncludes bibliographical references (pages 43-45). 517 $aCrustal Deformation at the Leading Edge of the Oregon Coast Range Block, Offshore Washington 606 $aFaults (Geology)$zOregon$zOregon Coast Range 606 $aFaults (Geology)$zWashington (State) 606 $aGeology, Stratigraphic$yQuaternary 606 $aGeology, Structural$zOregon$zOregon Coast Range 606 $aGeology, Structural$zWashington (State) 606 $aPlate tectonics$zOregon$zOregon Coast Range 606 $aPlate tectonics$zWashington (State) 606 $aFaults (Geology)$2fast 606 $aGeology, Stratigraphic$2fast 606 $aGeology, Structural$2fast 606 $aPlate tectonics$2fast 606 $aQuaternary Geologic Period$2fast 607 $aNorth America$zCoast Ranges$2fast 607 $aWashington (State)$2fast 615 0$aFaults (Geology) 615 0$aFaults (Geology) 615 0$aGeology, Stratigraphic 615 0$aGeology, Structural 615 0$aGeology, Structural 615 0$aPlate tectonics 615 0$aPlate tectonics 615 7$aFaults (Geology) 615 7$aGeology, Stratigraphic. 615 7$aGeology, Structural. 615 7$aPlate tectonics. 615 7$aQuaternary Geologic Period. 700 $aMcCrory$b Patricia Alison$01383056 712 02$aGeological Survey (U.S.), 801 0$bCOP 801 1$bCOP 801 2$bOCLCO 801 2$bOCLCF 801 2$bGPO 906 $aBOOK 912 $a9910708340903321 996 $aCrustal deformation at the leading edge of the Oregon Coast Range block, offshore Washington (Columbia River to Hoh River)$93505533 997 $aUNINA LEADER 01047nas a2200265 i 4500 001 991002457269707536 005 20231114121043.0 008 011205m19629999 || | |eng 022 $a0569-6720 035 $ab11662931-39ule_inst 035 $aPERLE000803$9ExL 040 $aDip.to Beni Culturali$bita 080 $aCDU 737 229 0$aAnnual Report of the American Numismatic Society 245 00$aAnnual Report of the American Numismatic Society /$cAmerican Numismatic Society. - 1962- 260 $aNew York,$c1962- 591 $aCodice CNR: P 00041511 592 $aLE001 1967-1986;1989-1990;1992-1995;1997- 710 2 $aAmerican Numismatic Society$eauthor$4http://id.loc.gov/vocabulary/relators/aut$0208388 907 $a.b11662931$b21-09-06$c08-07-02 912 $a991002457269707536 945 $aLE001 Per A 23$g1$lle001$o-$pE0.00$q-$rn$so $t18$u0$v0$w0$x0$y.i11886250$z08-07-02 996 $aAnnual Report of the American Numismatic Society$91452302 997 $aUNISALENTO 998 $ale001$b01-01-01$cs$da $e-$feng$gus $h0$i1